[Event "Heraklion Gazi op 10th"]
[Site "Heraklion"]
[Date "2014.07.31"]
[Round "2"]
[White "Douni, Aspasia"]
[Black "Tselos, Aristotelis"]
[Result "0-1"]
[WhiteElo "1509"]
[BlackElo "1095"]
[PlyCount "48"]
[EventDate "2014.07.30"]
[EventType "swiss"]
[EventRounds "9"]
[EventCountry "GRE"]
[SourceTitle "EXT 2016"]
[Source "ChessBase"]
[SourceDate "2015.10.08"]
[SourceVersion "1"]
[SourceVersionDate "2015.10.08"]
[SourceQuality "1"]

1. e4 e5 2. Nf3 Nc6 3. Nc3 Nf6 4. d4 exd4 5. Nxd4 Nxd4 6. Qxd4 d6 7. Bg5 Be7 8. 0-0-0 0-0 9. Bd3 Be6 10. e5 Ng4 11. Bxe7 Qxe7 12. Qe4 g6 13. exd6 cxd6 14. Rd2 Rac8 15. h4 Qf6 16. f4 b6 17. h5 Bf5 18. Qf3 Rfe8 19. Bxf5 Qxf5 20. hxg6 fxg6 21. Rxd6 Ne3 22. Rd2 b5 23. Qb7 h5 24. Rd7 Qxc2# 0-1

[Event "Heraklion Gazi op 10th"]
[Site "Heraklion"]
[Date "2014.07.30"]
[Round "1"]
[White "Kharitonov, Alexandr"]
[Black "Douni, Aspasia"]
[Result "1-0"]
[WhiteElo "2554"]
[BlackElo "1509"]
[PlyCount "27"]
[EventDate "2014.07.30"]
[EventType "swiss"]
[EventRounds "9"]
[EventCountry "GRE"]
[SourceTitle "EXT 2016"]
[Source "ChessBase"]
[SourceDate "2015.10.08"]
[SourceVersion "1"]
[SourceVersionDate "2015.10.08"]
[SourceQuality "1"]

1. Nf3 Nf6 2. c4 g6 3. Nc3 d5 4. cxd5 Nxd5 5. Qb3 Nxc3 6. Qxc3 Rg8 7. d4 Bf5 8. Qb3 Be4 9. e3 Bg7 10. Bc4 Rf8 11. Ng5 Bd5 12. Bxd5 e6 13. Bxb7 Qxg5 14. Bxa8 1-0

[Event "GRE-ch U18 Girls"]
[Site "Thessaloniki"]
[Date "2014.01.07"]
[Round "6"]
[White "Liapi Zenebisi, Irini"]
[Black "Douni, Aspasia"]
[Result "1-0"]
[WhiteElo "1580"]
[BlackElo "1519"]
[PlyCount "105"]
[EventDate "2014.01.02"]
[EventType "swiss"]
[EventRounds "7"]
[EventCountry "GRE"]
[SourceTitle "EXT 2017"]
[Source "ChessBase"]
[SourceDate "2016.10.25"]
[SourceVersion "1"]
[SourceVersionDate "2016.10.25"]
[SourceQuality "1"]

1. d4 Nf6 2. c4 g6 3. Nf3 d5 4. cxd5 Nxd5 5. e4 Nf6 6. Nc3 Bg7 7. h3 0-0 8. Bf4 c5 9. d5 Qa5 10. Qd2 e6 11. d6 Nc6 12. e5 Nd7 13. Bb5 Ndxe5 14. Nxe5 Nxe5 15. d7 Nxd7 16. Bxd7 Bxd7 17. Qxd7 Bxc3+ 18. bxc3 Qxc3+ 19. Ke2 Qc4+ 20. Kf3 f5 21. Rae1 Qxa2 22. Qxb7 Qd5+ 23. Qxd5 exd5 24. Re5 Rfd8 25. Rd1 d4 26. Rxc5 Rd7 27. Rc4 Rad8 28. Bg5 Rb8 29. Rcxd4 Rxd4 30. Rxd4 Rb3+ 31. Kf4 a5 32. Ra4 Rb5 33. Bd8 Rb2 34. Kg3 Rb4 35. Rxb4 axb4 36. Ba5 b3 37. Bc3 Kf7 38. Kf4 h6 39. h4 Ke6 40. Ke3 Kd5 41. f3 Kc4 42. Bg7 Kb4 43. Bb2 Kc4 44. g4 fxg4 45. fxg4 Kd5 46. Kf4 Ke6 47. Ke4 Kd6 48. h5 gxh5 49. gxh5 Ke7 50. Kf5 Kf7 51. Bc3 Kg8 52. Kg6 Kf8 53. Kxh6 1-0

[Event "GRE-ch U18 Girls"]
[Site "Thessaloniki"]
[Date "2014.01.04"]
[Round "3"]
[White "Serpetsidaki, Eva"]
[Black "Douni, Aspasia"]
[Result "1-0"]
[WhiteElo "1493"]
[BlackElo "1519"]
[PlyCount "73"]
[EventDate "2014.01.02"]
[EventType "swiss"]
[EventRounds "7"]
[EventCountry "GRE"]
[SourceTitle "EXT 2017"]
[Source "ChessBase"]
[SourceDate "2016.10.25"]
[SourceVersion "1"]
[SourceVersionDate "2016.10.25"]
[SourceQuality "1"]

1. e4 e5 2. Nf3 Nc6 3. Bb5 a6 4. Ba4 Nf6 5. 0-0 Be7 6. Re1 b5 7. Bb3 d6 8. c3 Na5 9. Bc2 c5 10. h3 0-0 11. d4 Qc7 12. Nbd2 cxd4 13. cxd4 Bb7 14. Bd3 Rac8 15. a4 Nc4 16. b3 Nxd2 17. Bxd2 Qb8 18. d5 Bd8 19. Qe2 bxa4 20. Rxa4 Nd7 21. b4 f5 22. Bxa6 fxe4 23. Qxe4 Nf6 24. Qf5 Be7 25. Qe6+ Kh8 26. Qxe7 Rc7 27. Qxd6 Ne4 28. Qxe5 Nxd2 29. Nxd2 Qa7 30. Qe3 Bxa6 31. Qxa7 Rxa7 32. b5 Raf7 33. bxa6 Rxf2 34. Nf3 Rc2 35. a7 Rcc8 36. d6 Ra8 37. d7 1-0

[Event "GRE-ch U18 Girls"]
[Site "Chania"]
[Date "2013.01.08"]
[Round "9.1"]
[White "Douni, Aspasia"]
[Black "Serefidou, Despina"]
[Result "1/2-1/2"]
[WhiteElo "1555"]
[BlackElo "1958"]
[PlyCount "24"]
[EventDate "2013.01.02"]
[EventType "swiss"]
[EventRounds "9"]
[EventCountry "GRE"]
[SourceTitle "EXT 2024"]
[Source "ChessBase"]
[SourceDate "2023.10.10"]
[SourceVersion "1"]
[SourceVersionDate "2023.10.10"]
[SourceQuality "1"]

1. Nf3 Nf6 2. g3 d5 3. d4 e6 4. Bg2 c5 5. 0-0 Be7 6. c4 0-0 7. Nc3 dxc4 8. dxc5 Bxc5 9. Ne5 Qc7 10. Bf4 Nh5 11. Ng6 Nxf4 12. Nxf4 Bd7 1/2-1/2

[Event "Anogia op 1st"]
[Site "Anogia"]
[Date "2012.08.03"]
[Round "7"]
[White "Douni, Aspasia"]
[Black "Eleftherakis, Stavros"]
[Result "0-1"]
[WhiteElo "1491"]
[BlackElo "1893"]
[PlyCount "50"]
[EventDate "2012.07.30"]
[EventType "swiss"]
[EventRounds "7"]
[EventCountry "GRE"]
[SourceTitle "EXT 2013"]
[Source "ChessBase"]
[SourceDate "2012.11.22"]
[SourceVersion "1"]
[SourceVersionDate "2012.11.22"]
[SourceQuality "1"]

1. e4 e6 2. d4 d5 3. exd5 exd5 4. c4 Nf6 5. Nc3 Be7 6. Nf3 0-0 7. Be2 c6 8. 0-0 dxc4 9. Bxc4 Nbd7 10. Qc2 Nb6 11. Bd3 Bg4 12. Ng5 h6 13. Nh7 Re8 14. h3 Be6 15. Be3 Nbd5 16. Nxd5 Nxd5 17. a3 Qd7 18. Rfe1 f5 19. Bd2 g6 20. g4 Kxh7 21. gxf5 Bxf5 22. Bxf5 Qxf5 23. Qxf5 gxf5 24. Re6 Bg5 25. Rxe8 Rxe8 0-1

[Event "Anogia op 1st"]
[Site "Anogia"]
[Date "2012.07.30"]
[Round "1"]
[White "Douni, Aspasia"]
[Black "Gkoumas, Georgios"]
[Result "0-1"]
[WhiteElo "1491"]
[BlackElo "2402"]
[PlyCount "58"]
[EventDate "2012.07.30"]
[EventType "swiss"]
[EventRounds "7"]
[EventCountry "GRE"]
[SourceTitle "EXT 2013"]
[Source "ChessBase"]
[SourceDate "2012.11.22"]
[SourceVersion "1"]
[SourceVersionDate "2012.11.22"]
[SourceQuality "1"]

1. e4 c5 2. Nf3 Nc6 3. Nc3 g6 4. d4 cxd4 5. Nxd4 Bg7 6. Be3 Nf6 7. Bc4 0-0 8. 0-0 Nxe4 9. Bxf7+ Rxf7 10. Nxe4 d5 11. Nxc6 bxc6 12. c3 e5 13. Nc5 Rb8 14. b4 Qh4 15. Qa4 Rb5 16. Qb3 e4 17. a4 Rxc5 18. Bxc5 Rf3 19. Be7 Qxe7 20. gxf3 Qg5+ 21. Kh1 Be5 22. Rg1 Qh5 23. Rg3 Bxg3 24. fxg3 Qxf3+ 25. Kg1 Qe3+ 26. Kh1 Bg4 27. Rf1 Bf3+ 28. Rxf3 exf3 29. Qd1 Qe2 0-1

[Event "GRE-chT 40th"]
[Site "Achaia"]
[Date "2012.07.04"]
[Round "6.16"]
[White "Douni, Aspasia"]
[Black "Pournara, Stavroula"]
[Result "1-0"]
[WhiteElo "1485"]
[BlackElo "1328"]
[PlyCount "81"]
[EventDate "2012.06.30"]
[EventType "team-swiss"]
[EventRounds "7"]
[EventCountry "GRE"]
[SourceTitle "CBM 149 Extra"]
[Source "ChessBase"]
[SourceDate "2012.08.24"]
[SourceVersion "1"]
[SourceVersionDate "2012.08.24"]
[SourceQuality "1"]
[WhiteTeam "Pan GA"]
[BlackTeam "Amfissa Chess Union"]
[WhiteTeamCountry "GRE"]
[BlackTeamCountry "GRE"]

1. e4 c6 2. d4 d5 3. exd5 cxd5 4. c4 e6 5. Nc3 Nf6 6. Nf3 Nc6 7. Bg5 Be7 8. Bd3 h6 9. Be3 0-0 10. 0-0 Re8 11. Qd2 Bf8 12. Rfe1 Bd7 13. Bf4 Bc8 14. Rad1 Nh5 15. cxd5 Nxf4 16. Qxf4 exd5 17. Rxe8 Qxe8 18. Nxd5 Qd8 19. Bc4 Be6 20. Qe4 Bxd5 21. Bxd5 Qd7 22. Bxc6 Qxc6 23. Qxc6 bxc6 24. Rc1 Rc8 25. Ne5 c5 26. Nd7 c4 27. Nxf8 Kxf8 28. b3 c3 29. Kf1 Ke7 30. Ke2 Kd6 31. Kd3 Kd5 32. Rxc3 Rxc3+ 33. Kxc3 f5 34. a4 g5 35. b4 h5 36. b5 f4 37. a5 h4 38. a6 Kd6 39. b6 Kc6 40. bxa7 Kb6 41. a8Q 1-0

[Event "Attica-ch U16 Girls"]
[Site "Peristeri"]
[Date "2012.04.22"]
[Round "7"]
[White "Douni, Aspasia"]
[Black "Manolopoulou, Vasiliki"]
[Result "0-1"]
[WhiteElo "1485"]
[BlackElo "1343"]
[PlyCount "72"]
[EventDate "2012.04.17"]
[EventType "tourn"]
[EventRounds "7"]
[EventCountry "GRE"]
[SourceTitle "EXT 2024"]
[Source "ChessBase"]
[SourceDate "2023.10.10"]
[SourceVersion "1"]
[SourceVersionDate "2023.10.10"]
[SourceQuality "1"]

1. e4 e5 2. Nf3 Nc6 3. d4 exd4 4. Nxd4 Nf6 5. Bg5 Be7 6. Nc3 0-0 7. Be2 Nxe4 8. Nxe4 Bxg5 9. Nb5 Be7 10. Qd2 d6 11. 0-0-0 Be6 12. Bd3 f5 13. Ng3 Ne5 14. Rde1 Bc8 15. f4 Nxd3+ 16. Qxd3 g6 17. Qc4+ Rf7 18. Nxc7 Rb8 19. Ne6 Bxe6 20. Rxe6 Rc8 21. Qb3 Rc7 22. Rhe1 Kf8 23. Qa4 a6 24. h4 Kg7 25. h5 Bh4 26. Qd4+ Rf6 27. h6+ Kf7 28. Qd5 Kf8 29. Re8+ Qxe8 30. Rxe8+ Kxe8 31. Ne2 Re7 32. Qf3 Rfe6 33. Nc3 Re3 34. Qd5 Re1+ 35. Nd1 Bf2 36. Qd2 Be3 0-1

[Event "GRE-ch U14 Girls"]
[Site "Eretria"]
[Date "2011.06.26"]
[Round "3.5"]
[White "Douni, Aspasia"]
[Black "Iliopoulou, Elisavet"]
[Result "1-0"]
[WhiteElo "1370"]
[BlackElo "1594"]
[PlyCount "41"]
[EventDate "2011.06.25"]
[EventType "swiss"]
[EventRounds "9"]
[EventCountry "GRE"]
[SourceTitle "EXT 2024"]
[Source "ChessBase"]
[SourceDate "2023.10.10"]
[SourceVersion "1"]
[SourceVersionDate "2023.10.10"]
[SourceQuality "1"]

1. e4 d5 2. exd5 Qxd5 3. Nc3 Qa5 4. Bc4 Nf6 5. Nf3 c6 6. d3 Bf5 7. Bd2 e6 8. 0-0 Bb4 9. a3 Bxc3 10. Bxc3 Qc7 11. Nd4 Bg6 12. Re1 c5 13. Nb5 Qd7 14. Be5 Na6 15. Nd6+ Kf8 16. Bb5 Qe7 17. Qf3 Nd5 18. c4 Nb6 19. Nxb7 Nc8 20. Bxa6 h6 21. Nxc5 1-0